000 00804cab a2200229 4500
001 WB3129-08
008 090401t1995 xxu||||| |||| 00| 0 eng d
035 _a(Sirsi) u40822
041 _aeng
245 _aBanks to lend £3bn to UK property sector
260 _c1995
350 _a0
490 _aProperty Week
_v52(4) 27 July 1995, 5
490 _aFinancial Times
_v28 July 1995, 28(2)
520 _aDTZ Debenham Thorpe`s "Money into Property" estimates that foreign-owned banks have £3bn available to invest in the UK property sector over the next year.
650 _aBANK LENDING
650 _aPROPERTY-COMMERCIAL PROPERTY
650 _aINSTITUTIONAL INVESTMENT
690 _aPROPERTY-COMMERCIAL PROPERTY-COMMERCIAL PROPERTY FINANCE AND INVESTMENT
942 _n0
948 _c04/03/1997
999 _c26164
_d26164